[Event "American Continental 19th"]
[Site "Foz do Iguacu"]
[Date "2025.05.26"]
[Round "6"]
[White "Azevedo Junior, Jose Ferreira"]
[Black "Menna Barreto, Felipe Kubiaki"]
[Result "0-1"]
[WhiteElo "2102"]
[BlackElo "2276"]
[PlyCount "134"]
[EventDate "2025.05.23"]
[EventType "swiss"]
[EventRounds "11"]
[EventCountry "BRA"]
[SourceTitle "CB23_2025"]
[SourceDate "2025.06.04"]
[SourceVersion "1"]
[SourceVersionDate "2025.06.04"]
[SourceQuality "1"]

1. e4 c5 2. Nf3 a6 3. d4 cxd4 4. Nxd4 Nf6 5. Bd3 e5 6. Nf3 d5 7. Qe2 dxe4 8. Bxe4 Bd6 9. Nc3 Qc7 10. h3 Be6 11. Ng5 Bc4 12. Bd3 Bxd3 13. Qxd3 Nbd7 14. Be3 Bb4 15. 0-0 Bxc3 16. bxc3 Qc6 17. h4 h6 18. Nh3 Rc8 19. Rab1 b5 20. Rb3 0-0 21. f4 Nc5 22. Bxc5 Qxc5+ 23. Kh1 e4 24. Qe2 Qc4 25. Re1 Rfe8 26. Nf2 Qxe2 27. Rxe2 Nh5 28. Kh2 f5 29. g3 Rc4 30. Kh3 Rec8 31. Nd1 Nf6 32. Rd2 Ng4 33. Kg2 Ra4 34. a3 Rac4 35. Kf1 Kf8 36. Rd6 R4c6 37. Rxc6 Rxc6 38. Ke2 Ke7 39. Rb4 Ke6 40. a4 Rc5 41. axb5 axb5 42. Rb3 Kd6 43. Ra3 Rc7 44. Ra5 Kc5 45. Nb2 Kb6 46. Ra3 Nf6 47. c4 bxc4 48. Ra8 c3 49. Nd1 Kb7 50. Ra5 g6 51. Re5 Nh5 52. Re6 Nxg3+ 53. Ke3 Rc6 54. Rxc6 Kxc6 55. Nxc3 Kc5 56. Na4+ Kc4 57. Nb6+ Kc3 58. Nd5+ Kxc2 59. Ne7 Nf1+ 60. Ke2 Ng3+ 61. Ke3 Kd1 62. Nxg6 Ke1 63. Ne7 h5 64. Nxf5 Nxf5+ 65. Kxe4 Nxh4 66. f5 Kf2 67. Kf4 Nxf5 0-1

[Event "American Continental 19th"]
[Site "Foz do Iguacu"]
[Date "2025.05.24"]
[Round "3"]
[White "Menna Barreto, Felipe Kubiaki"]
[Black "Bauza, Alejandro"]
[Result "1-0"]
[WhiteElo "2276"]
[BlackElo "2119"]
[PlyCount "61"]
[EventDate "2025.05.23"]
[EventType "swiss"]
[EventRounds "11"]
[EventCountry "BRA"]
[SourceTitle "CB23_2025"]
[SourceDate "2025.06.04"]
[SourceVersion "1"]
[SourceVersionDate "2025.06.04"]
[SourceQuality "1"]

1. Nf3 Nf6 2. d4 e6 3. Bg5 d5 4. Nbd2 Be7 5. e3 Nbd7 6. c3 Ne4 7. Bxe7 Qxe7 8. Nxe4 dxe4 9. Nd2 f5 10. Bc4 0-0 11. 0-0 Kh8 12. f3 exf3 13. Qxf3 e5 14. Qg3 Qd6 15. Nf3 f4 16. exf4 exf4 17. Qh4 h6 18. Rae1 Nb6 19. Bb3 Bd7 20. Ne5 g5 21. Qh5 Kg7 22. h4 Be8 23. Qg4 Qf6 24. Nf3 Bd7 25. hxg5 Bxg4 26. gxf6+ Kxf6 27. Ne5 Kg5 28. Nxg4 Kxg4 29. Re5 f3 30. Kh2 Rae8 31. Be6+ 1-0

[Event "American Continental 19th"]
[Site "Foz do Iguacu"]
[Date "2025.05.24"]
[Round "2"]
[White "Navarro Canete, Facundo Javier"]
[Black "Menna Barreto, Felipe Kubiaki"]
[Result "0-1"]
[WhiteElo "1811"]
[BlackElo "2276"]
[PlyCount "110"]
[EventDate "2025.05.23"]
[EventType "swiss"]
[EventRounds "11"]
[EventCountry "BRA"]
[SourceTitle "CB23_2025"]
[SourceDate "2025.06.04"]
[SourceVersion "1"]
[SourceVersionDate "2025.06.04"]
[SourceQuality "1"]

1. e4 d6 2. d4 Nf6 3. Bd3 Nc6 4. Ne2 e5 5. c3 d5 6. exd5 Qxd5 7. 0-0 Be7 8. a3 0-0 9. c4 Qd6 10. d5 e4 11. Bc2 Ne5 12. Nbc3 Nxc4 13. Nxe4 Nxe4 14. Bxe4 f5 15. Bc2 Bf6 16. Rb1 Bd7 17. Bb3 Ne5 18. Bd2 Ng4 19. Bf4 Be5 20. Qd2 Bb5 21. h3 Bxe2 22. Qxe2 Bxf4 23. hxg4 Rae8 24. Qf3 Bh2+ 25. Kh1 Qh6 26. Qh3 Qxh3 27. gxh3 Be5 28. Kg2 fxg4 29. hxg4 Rf4 30. f3 Rd4 31. Rf2 g6 32. Bc2 Kg7 33. Be4 a5 34. Rc1 Kf6 35. Rfc2 Re7 36. Kf2 Bf4 37. Rh1 Ke5 38. Re1 Kd6 39. Kg2 Rd2+ 40. Rxd2 Bxd2 41. Re2 Bf4 42. Rc2 Rg7 43. Kf1 Rg8 44. Ke1 h5 45. Rg2 h4 46. Kf1 g5 47. Rc2 h3 48. Kg1 Ra8 49. Kf1 Ra6 50. Kg1 Rb6 51. Kf1 Rb3 52. Kg1 Re3 53. Rf2 Re1+ 54. Rf1 h2+ 55. Kg2 Rxf1 0-1

[Event "Cidreira op"]
[Site "Cidreira"]
[Date "2025.05.03"]
[Round "6"]
[White "Menna Barreto, Felipe Kubiaki"]
[Black "Matsuura, Everaldo"]
[Result "1/2-1/2"]
[WhiteElo "2276"]
[BlackElo "2354"]
[PlyCount "34"]
[EventDate "2025.05.01"]
[EventType "swiss"]
[EventRounds "7"]
[EventCountry "BRA"]
[SourceTitle "CB19_2025"]
[SourceDate "2025.05.07"]
[SourceVersion "1"]
[SourceVersionDate "2025.05.07"]
[SourceQuality "1"]

1. Nf3 d5 2. d4 c5 3. dxc5 e6 4. a3 Bxc5 5. c4 Nf6 6. e3 0-0 7. b4 Be7 8. Bb2 a5 9. b5 Nbd7 10. Nbd2 Nc5 11. Be2 Nfe4 12. Rc1 Bf6 13. Bxf6 Qxf6 14. cxd5 exd5 15. Nxe4 Nxe4 16. 0-0 Qd6 17. Qb3 a4 1/2-1/2

[Event "Cidreira op"]
[Site "Cidreira"]
[Date "2025.05.02"]
[Round "3"]
[White "Freitas, Andre Henrique Lem"]
[Black "Menna Barreto, Felipe Kubiaki"]
[Result "1/2-1/2"]
[WhiteElo "2069"]
[BlackElo "2276"]
[PlyCount "121"]
[EventDate "2025.05.01"]
[EventType "swiss"]
[EventRounds "7"]
[EventCountry "BRA"]
[SourceTitle "CB19_2025"]
[SourceDate "2025.05.07"]
[SourceVersion "1"]
[SourceVersionDate "2025.05.07"]
[SourceQuality "1"]

1. Nf3 Nf6 2. d4 g6 3. e3 Bg7 4. Bd3 d6 5. b3 0-0 6. Bb2 Nbd7 7. 0-0 Re8 8. Nbd2 e5 9. dxe5 dxe5 10. e4 Nh5 11. Re1 b6 12. Bb5 Re6 13. g3 Rd6 14. Ba3 Nc5 15. Qe2 Bg4 16. Qe3 Qf6 17. Bxc5 bxc5 18. Be2 Rad8 19. Nc4 Re6 20. Ng5 Bh6 21. Bxg4 Bxg5 22. Qxc5 Rc6 23. Qxa7 Ng7 24. Rad1 Rf8 25. Qa5 h5 26. Bh3 Ra6 27. Qxe5 Rxa2 28. Qxf6 Bxf6 29. Re2 Rb8 30. e5 Be7 31. Kf1 g5 32. Red2 g4 33. Bg2 Bg5 34. Re2 Ne6 35. f4 gxf3 36. Bxf3 h4 37. Rd7 hxg3 38. hxg3 Rd8 39. Rxd8+ Bxd8 40. Bd5 Nd4 41. Rf2 Rxc2 42. Bxf7+ Kg7 43. Rxc2 Nxc2 44. Bd5 Bg5 45. Kf2 Nd4 46. Ne3 c6 47. Bc4 Kg6 48. g4 Bf4 49. e6 Kf6 50. Nf5 Nxf5 51. gxf5 Bd6 52. Bd3 c5 53. Kf3 Be7 54. Ke4 Bf8 55. Kd5 Be7 56. Kc6 Bf8 57. Kd7 Be7 58. Ke8 Bd6 59. Bc2 Be7 60. Be4 Bd6 61. Kd7 1/2-1/2

[Event "Joao Pessoa Cup 2nd"]
[Site "Joao Pessoa"]
[Date "2024.08.28"]
[Round "6"]
[White "Menna Barreto, Felipe Kubiaki"]
[Black "Crespo, Antonio Rogerio"]
[Result "1-0"]
[WhiteElo "2269"]
[BlackElo "2051"]
[PlyCount "51"]
[EventDate "2024.07.24"]
[EventType "swiss"]
[EventRounds "7"]
[EventCountry "BRA"]
[SourceTitle "EXT 2025"]
[Source "ChessBase"]
[SourceDate "2024.10.14"]
[SourceVersion "1"]
[SourceVersionDate "2024.10.14"]
[SourceQuality "1"]

1. d4 c5 2. d5 e5 3. e4 d6 4. Nc3 Be7 5. Bb5+ Bd7 6. a4 a6 7. Be2 Bg5 8. Nf3 Bxc1 9. Qxc1 Ne7 10. Nd2 0-0 11. Nc4 Nc8 12. 0-0 Ra7 13. f4 f6 14. a5 Bb5 15. Ne3 Bxe2 16. Nxe2 b5 17. axb6 Qxb6 18. Nc4 Qb4 19. b3 Nd7 20. Qd1 exf4 21. Nxf4 Ne5 22. Nd3 Qc3 23. Ndxe5 dxe5 24. d6 Qd4+ 25. Kh1 Rd8 26. Qf3 1-0

[Event "Joao Pessoa Cup 2nd"]
[Site "Joao Pessoa"]
[Date "2024.08.07"]
[Round "3"]
[White "Sanfelici Bazanella, Alexandre"]
[Black "Menna Barreto, Felipe Kubiaki"]
[Result "0-1"]
[WhiteElo "1950"]
[BlackElo "2269"]
[PlyCount "86"]
[EventDate "2024.07.24"]
[EventType "swiss"]
[EventRounds "7"]
[EventCountry "BRA"]
[SourceTitle "EXT 2025"]
[Source "ChessBase"]
[SourceDate "2024.10.14"]
[SourceVersion "1"]
[SourceVersionDate "2024.10.14"]
[SourceQuality "1"]

1. e4 g6 2. d4 Bg7 3. Nf3 d6 4. Nc3 Nf6 5. Be2 0-0 6. 0-0 c6 7. a4 a5 8. Be3 Na6 9. h3 Nb4 10. Qd2 Qc7 11. Bh6 e5 12. Bxg7 Kxg7 13. dxe5 dxe5 14. Bc4 h6 15. Rfd1 Re8 16. Bb3 Be6 17. Qe2 Bxb3 18. cxb3 Qe7 19. Rd2 Rad8 20. Rad1 Rxd2 21. Rxd2 Qe6 22. Qc4 Qxc4 23. bxc4 Na6 24. Ne1 Nc5 25. f3 Ra8 26. Kf2 Nfd7 27. Nd3 Nxd3+ 28. Rxd3 Nc5 29. Rd2 h5 30. Ke2 Ra6 31. Ke3 Rb6 32. f4 Kf6 33. Rf2 exf4+ 34. Rxf4+ Ke6 35. Kd4 Nd7 36. Kd3 Rb4 37. g4 hxg4 38. hxg4 Nc5+ 39. Kc2 Rxc4 40. g5 Nxa4 41. Rf6+ Ke7 42. e5 Nxc3 43. bxc3 Re4 0-1

[Event "Porto Alegre U2400 op 2nd"]
[Site "Porto Alegre"]
[Date "2024.07.27"]
[Round "2"]
[White "Menna Barreto, Felipe Kubiaki"]
[Black "Mentges, Antonio Esidio"]
[Result "1-0"]
[WhiteElo "2269"]
[BlackElo "1825"]
[PlyCount "31"]
[EventDate "2024.07.26"]
[EventType "swiss"]
[EventRounds "5"]
[EventCountry "BRA"]
[SourceTitle "EXT 2025"]
[Source "ChessBase"]
[SourceDate "2024.10.14"]
[SourceVersion "1"]
[SourceVersionDate "2024.10.14"]
[SourceQuality "1"]

1. d4 d5 2. Bf4 Nf6 3. e3 e6 4. Nd2 Nbd7 5. Bd3 c5 6. c3 Nb6 7. Ngf3 c4 8. Bc2 Bd6 9. Ne5 Bxe5 10. dxe5 Ne4 11. Bxe4 dxe4 12. Qg4 g6 13. Nxe4 h5 14. Qf3 Nd5 15. Nd6+ Kf8 16. Bh6+ 1-0

[Event "Mar del Plata op 53rd"]
[Site "Mar del Plata"]
[Date "2024.03.30"]
[Round "9"]
[White "Menna Barreto, Felipe Kubiaki"]
[Black "Castro Salgado, Pablo Alonso"]
[Result "1/2-1/2"]
[WhiteElo "2273"]
[BlackElo "2164"]
[PlyCount "126"]
[EventDate "2024.03.23"]
[EventType "swiss"]
[EventRounds "9"]
[EventCountry "ARG"]
[SourceTitle "CBM 219 Extra"]
[Source "ChessBase"]
[SourceDate "2024.05.31"]
[SourceVersion "1"]
[SourceVersionDate "2024.05.31"]
[SourceQuality "1"]

1. e4 e5 2. Bc4 Nf6 3. d3 Nc6 4. Nc3 Bb4 5. Nge2 0-0 6. 0-0 a6 7. a3 Bc5 8. Bg5 h6 9. Be3 Bxe3 10. fxe3 d6 11. Ng3 g6 12. Qd2 Kg7 13. Rf3 Bg4 14. Rf2 Be6 15. Raf1 Nh7 16. Nd5 Nb8 17. Qa5 b6 18. Qc3 Ra7 19. Nb4 Qg5 20. Rf3 h5 21. Nh1 Qd8 22. Bxe6 fxe6 23. Rxf8 Nxf8 24. d4 c5 25. Nd3 cxd4 26. exd4 Rc7 27. Qd2 exd4 28. e5 Nc6 29. exd6 Qxd6 30. Ng3 Nh7 31. Ne4 Qd5 32. Nf4 Qd7 33. Qd3 e5 34. Nf6 Nxf6 35. Qxg6+ Kh8 36. Qxf6+ Qg7 37. Ng6+ Kh7 38. Nf8+ Kg8 39. Qe6+ Kh8 40. Qf5 Nd8 41. Ng6+ Kg8 42. Nxe5 Rc5 43. Re1 Nf7 44. Qxf7+ Qxf7 45. Nxf7 Kxf7 46. Re2 a5 47. a4 b5 48. axb5 Rxb5 49. b3 d3 50. cxd3 Rxb3 51. Re5 Kg6 52. Rxa5 Rxd3 53. Kf2 Rb3 54. Re5 Ra3 55. Re3 Ra4 56. Kf3 Kf5 57. Rb3 Ra5 58. Kg3 Kg5 59. Kh3 h4 60. Rb4 Ra3+ 61. g3 hxg3 62. Rb5+ Kf4 63. Rb4+ Kg5 1/2-1/2

[Event "Mar del Plata op 53rd"]
[Site "Mar del Plata"]
[Date "2024.03.28"]
[Round "7"]
[White "Menna Barreto, Felipe Kubiaki"]
[Black "Amigo Quintana, Antu"]
[Result "1/2-1/2"]
[WhiteElo "2273"]
[BlackElo "2057"]
[PlyCount "106"]
[EventDate "2024.03.23"]
[EventType "swiss"]
[EventRounds "9"]
[EventCountry "ARG"]
[SourceTitle "CBM 219 Extra"]
[Source "ChessBase"]
[SourceDate "2024.05.31"]
[SourceVersion "1"]
[SourceVersionDate "2024.05.31"]
[SourceQuality "1"]

1. c4 e6 2. Nf3 d5 3. e3 Nf6 4. b3 c6 5. Bb2 Nbd7 6. d4 Bd6 7. Nbd2 0-0 8. Bd3 Qe7 9. Ne5 c5 10. a3 b6 11. 0-0 Bb7 12. Qe2 Ne4 13. Nxd7 Qxd7 14. dxc5 Nxc5 15. Bc2 Ne4 16. cxd5 exd5 17. Rfd1 Qe6 18. Nf3 Rac8 19. Rac1 Rfd8 20. Nd4 Qh6 21. g3 Bf8 22. b4 Nd6 23. Nf5 Qh3 24. Nxd6 Rxd6 25. Qf1 Qxf1+ 26. Kxf1 Rdc6 27. Bd3 Rxc1 28. Rxc1 Rxc1+ 29. Bxc1 g6 30. Bb2 Be7 31. b5 f6 32. a4 Kf7 33. Ke2 Ke6 34. Kd2 Bb4+ 35. Bc3 Bc5 36. f4 f5 37. Be2 Bd6 38. Bd4 Bc5 39. Kc3 Bxd4+ 40. Kxd4 Kd6 41. Bf3 Ba8 42. h3 h5 43. g4 hxg4 44. hxg4 Bb7 45. gxf5 gxf5 46. Bg2 Ba8 47. Bf1 Bb7 48. Be2 Bc8 49. Bh5 Be6 50. Bg6 Bd7 51. Bf7 Be6 52. Bg6 Bd7 53. Bf7 Be6 1/2-1/2

[Event "Alegre op"]
[Site "Alegre"]
[Date "2024.03.08"]
[Round "1"]
[White "Menna Barreto, Felipe Kubiaki"]
[Black "Jobim, Marcos Vinicios De"]
[Result "1-0"]
[WhiteElo "2273"]
[BlackElo "1671"]
[PlyCount "61"]
[EventDate "2024.03.08"]
[EventType "swiss"]
[EventRounds "5"]
[EventCountry "BRA"]
[SourceTitle "CBM 219 Extra"]
[Source "ChessBase"]
[SourceDate "2024.05.31"]
[SourceVersion "1"]
[SourceVersionDate "2024.05.31"]
[SourceQuality "1"]

1. d4 Nf6 2. Nf3 g6 3. c4 Bg7 4. Nc3 d6 5. Bg5 Nbd7 6. e3 0-0 7. Qc2 c5 8. d5 Ng4 9. Be2 Nge5 10. Nd2 Nf6 11. h3 a6 12. a4 b6 13. 0-0 h6 14. Bh4 g5 15. Bg3 g4 16. hxg4 Nexg4 17. Nf3 Nh5 18. Bh4 f5 19. Bd3 Qe8 20. Ne2 Qf7 21. g3 Bd7 22. Kg2 Rae8 23. Nf4 Nxf4+ 24. exf4 Bh8 25. Rfe1 Qg7 26. Re2 Rf7 27. Rae1 Kf8 28. Qb3 Rb8 29. Rxe7 Kg8 30. Rxf7 Qxf7 31. Re7 1-0

[Event "Florianopolis op 10th"]
[Site "Florianopolis"]
[Date "2024.01.28"]
[Round "10"]
[White "Cordeiro, Marco Aurelio Zaror"]
[Black "Menna Barreto, Felipe Kubiaki"]
[Result "0-1"]
[WhiteElo "2057"]
[BlackElo "2278"]
[PlyCount "114"]
[EventDate "2024.01.20"]
[EventType "swiss"]
[EventRounds "10"]
[EventCountry "BRA"]
[SourceTitle "EXT 2025"]
[Source "ChessBase"]
[SourceDate "2024.10.14"]
[SourceVersion "1"]
[SourceVersionDate "2024.10.14"]
[SourceQuality "1"]

1. c4 Nf6 2. g3 c6 3. Bg2 d5 4. Nf3 Bf5 5. b3 e6 6. 0-0 Nbd7 7. Bb2 h6 8. d3 Bc5 9. e3 0-0 10. Qe2 Re8 11. Nbd2 Bh7 12. e4 dxe4 13. dxe4 e5 14. Ne1 Bd4 15. Bxd4 exd4 16. f3 Qb6 17. Nd3 Nc5 18. Nxc5 Qxc5 19. Qf2 a5 20. a3 Nd7 21. b4 axb4 22. axb4 Qxb4 23. Rxa8 Rxa8 24. Qxd4 Qc5 25. Nb3 Qxd4+ 26. Nxd4 Nc5 27. Rb1 Kf8 28. Nb3 Nd7 29. Nd2 Ra2 30. Nf1 Nc5 31. Bh3 Ke7 32. Rd1 f6 33. Nd2 Bg8 34. Bf1 Be6 35. Be2 Rc2 36. Kf2 Nd7 37. Ke3 Rc3+ 38. Kf2 Nc5 39. Nb1 Rc2 40. Rd2 Rc1 41. Rb2 Bxc4 42. Bxc4 Rxc4 43. Ke3 b5 44. Nd2 Ra4 45. Rc2 Ra3+ 46. Kf2 Kd6 47. Nf1 Nd3+ 48. Ke2 c5 49. Ne3 Nb4 50. Rd2+ Kc6 51. Nf5 c4 52. Rd6+ Kc7 53. Rd4 Ra2+ 54. Kd1 Nc6 55. Rd5 b4 56. Rc5 c3 57. Nd4 Rd2+ 0-1

[Event "Florianopolis op 10th"]
[Site "Florianopolis"]
[Date "2024.01.26"]
[Round "8"]
[White "De Carvalho, Jose Jorge"]
[Black "Menna Barreto, Felipe Kubiaki"]
[Result "1-0"]
[WhiteElo "2119"]
[BlackElo "2278"]
[PlyCount "205"]
[EventDate "2024.01.20"]
[EventType "swiss"]
[EventRounds "10"]
[EventCountry "BRA"]
[SourceTitle "CBM 218 Extra"]
[Source "ChessBase"]
[SourceDate "2024.03.31"]
[SourceVersion "1"]
[SourceVersionDate "2024.03.31"]
[SourceQuality "1"]

1. Nf3 c5 2. e4 Nc6 3. Bb5 g6 4. 0-0 Bg7 5. c3 e5 6. d3 Nge7 7. Be3 d6 8. d4 exd4 9. cxd4 0-0 10. Nc3 Qb6 11. dxc5 dxc5 12. Bxc6 Qxc6 13. Nd5 Nxd5 14. exd5 Qd6 15. Qd2 Rd8 16. Rfd1 Bg4 17. Rac1 Bxf3 18. gxf3 Rac8 19. Bf4 Be5 20. Bg3 Qf6 21. Bxe5 Qxe5 22. Rc3 c4 23. Re3 Qg5+ 24. Kh1 Kg7 25. Qd4+ Qf6 26. Re7 Rxd5 27. Rxf7+ Kxf7 28. Qxd5+ Kf8 29. Qxb7 Re8 30. Kg2 Qg5+ 31. Kf1 Re7 32. Qc8+ Kg7 33. Qxc4 Qe5 34. Qd4 a5 35. f4 Qxd4 36. Rxd4 Rb7 37. b3 Rb5 38. Rd7+ Kf6 39. Rxh7 a4 40. Rh3 axb3 41. axb3 Kf5 42. Ke2 Rb4 43. Rc3 Re4+ 44. Re3 Rd4 45. h3 Kxf4 46. Rg3 Rd6 47. Rd3 Ra6 48. Rd4+ Ke5 49. Rg4 Ra3 50. b4 Kf5 51. f3 Rb3 52. Kf2 Rb1 53. h4 Rb2+ 54. Kg3 Kf6 55. Rc4 Rb1 56. Rc6+ Kg7 57. Rc4 Kf6 58. Kf4 Rh1 59. Ke3 Ke5 60. b5 Re1+ 61. Kf2 Rb1 62. Rg4 Kf5 63. Kg2 Rb3 64. Kg3 Rb1 65. Rg5+ Kf6 66. Rc5 Rg1+ 67. Kf2 Rh1 68. Kg3 Rg1+ 69. Kf4 Rh1 70. Rc6+ Kg7 71. Ke5 Rxh4 72. Rc7+ Kh6 73. b6 Rb4 74. b7 Kg5 75. Kd6 Rb1 76. Rf7 Rb3 77. Kc7 Rc3+ 78. Kd8 Rd3+ 79. Kc8 Rc3+ 80. Kd8 Rd3+ 81. Ke8 Re3+ 82. Re7 Rb3 83. Kd8 Rd3+ 84. Ke8 Rb3 85. Rf7 Re3+ 86. Kf8 Rb3 87. Kg7 Rb1 88. f4+ Kh5 89. Kh7 Rb6 90. Kg7 Rb1 91. Kf6 Rb6+ 92. Ke5 Rb5+ 93. Kd6 Rb4 94. Kc6 Rc4+ 95. Kb5 Rc1 96. Rf8 Kg4 97. b8Q Rb1+ 98. Kc4 Rxb8 99. Rxb8 Kxf4 100. Kd3 g5 101. Ke2 Kg3 102. Kf1 g4 103. Kg1 1-0

[Event "Florianopolis op-A"]
[Site "Florianopolis"]
[Date "2023.09.22"]
[Round "1"]
[White "Gazola, Vanessa Ramos"]
[Black "Menna Barreto, Felipe Kubiaki"]
[Result "0-1"]
[WhiteElo "1932"]
[BlackElo "2264"]
[PlyCount "70"]
[EventDate "2023.09.22"]
[EventType "swiss"]
[EventRounds "6"]
[EventCountry "BRA"]
[SourceTitle "CBM 216 Extra"]
[Source "ChessBase"]
[SourceDate "2023.11.30"]
[SourceVersion "1"]
[SourceVersionDate "2023.11.30"]
[SourceQuality "1"]

1. d4 d5 2. c4 e6 3. Nc3 Nf6 4. cxd5 exd5 5. Bg5 c6 6. e3 Be7 7. Bd3 0-0 8. Qc2 Nbd7 9. Nge2 Re8 10. 0-0 Nf8 11. Rab1 Bg4 12. b4 a6 13. h3 Bxe2 14. Nxe2 N6d7 15. Bxe7 Rxe7 16. a4 Nb6 17. a5 Nc8 18. Nc3 g6 19. Na4 Nd6 20. Nc5 Ne6 21. Rfc1 Ne8 22. Qd1 Kg7 23. Be2 Nd6 24. Bd3 Qe8 25. Qc2 Nc7 26. Qb2 Kg8 27. Qc2 Ndb5 28. Rb3 f5 29. Bxb5 axb5 30. g3 Ne6 31. h4 Qf7 32. Nd3 h6 33. Nb2 Kg7 34. Qc3 g5 35. hxg5 hxg5 0-1

[Event "Niteroi op 3rd"]
[Site "Niteroi"]
[Date "2023.09.09"]
[Round "8"]
[White "Campos, Alexandre Ferreira"]
[Black "Menna Barreto, Felipe Kubiaki"]
[Result "0-1"]
[WhiteElo "2041"]
[BlackElo "2264"]
[PlyCount "76"]
[EventDate "2023.09.04"]
[EventType "swiss"]
[EventRounds "9"]
[EventCountry "BRA"]
[SourceTitle "CBM 216 Extra"]
[Source "ChessBase"]
[SourceDate "2023.11.30"]
[SourceVersion "1"]
[SourceVersionDate "2023.11.30"]
[SourceQuality "1"]

1. c4 g6 2. g3 Bg7 3. Bg2 e5 4. b3 Ne7 5. Bb2 Nbc6 6. e3 d5 7. cxd5 Nxd5 8. a3 0-0 9. Ne2 Bg4 10. f3 Be6 11. Nbc3 Na5 12. Nc1 c5 13. 0-0 Rc8 14. Rb1 c4 15. b4 Nc6 16. Nxd5 Qxd5 17. Qe2 Qd7 18. Rd1 e4 19. b5 Ne5 20. Bxe5 Bxe5 21. fxe4 Rfd8 22. Na2 Qd3 23. Kf2 Qxa3 24. Nb4 Kg7 25. Rdc1 Bb2 26. Nc2 Qa5 27. Rd1 Qxb5 28. Nd4 Rxd4 29. exd4 Bxd4+ 30. Kf1 Qd7 31. Rbc1 b5 32. Bf3 a5 33. Kg2 b4 34. h3 a4 35. Bg4 b3 36. Rf1 b2 37. Rce1 a3 38. e5 a2 0-1

[Event "Niteroi op 3rd"]
[Site "Niteroi"]
[Date "2023.09.07"]
[Round "6"]
[White "Silva, Caio Henrique Angel"]
[Black "Menna Barreto, Felipe Kubiaki"]
[Result "1/2-1/2"]
[WhiteElo "2108"]
[BlackElo "2264"]
[PlyCount "73"]
[EventDate "2023.09.04"]
[EventType "swiss"]
[EventRounds "9"]
[EventCountry "BRA"]
[SourceTitle "CBM 216 Extra"]
[Source "ChessBase"]
[SourceDate "2023.11.30"]
[SourceVersion "1"]
[SourceVersionDate "2023.11.30"]
[SourceQuality "1"]

1. d4 Nf6 2. c4 e6 3. Nf3 c5 4. d5 exd5 5. cxd5 Bd6 6. Nc3 Bc7 7. e4 d6 8. Bd3 0-0 9. h3 a6 10. a4 Re8 11. 0-0 Nbd7 12. Bf4 Rb8 13. Re1 Ne5 14. Nxe5 dxe5 15. Be3 Bd6 16. a5 Bd7 17. Qf3 h6 18. Na4 Bxa4 19. Rxa4 Nd7 20. b3 Bc7 21. Bd2 Bd6 22. g3 Qf6 23. Qxf6 Nxf6 24. Rc1 Red8 25. Kg2 Kf8 26. b4 cxb4 27. Bxb4 Bxb4 28. Rxb4 Ne8 29. Rcb1 Nd6 30. Bxa6 Ra8 31. Bxb7 Rxa5 32. Bc6 Ra2 33. Kf3 Ke7 34. R1b2 Ra1 35. Rb1 Ra2 36. R1b2 Ra1 37. Rb1 1/2-1/2

[Event "Porto Alegre op"]
[Site "Porto Alegre"]
[Date "2023.08.26"]
[Round "3"]
[White "Gomes, Savio Vinicius Souz"]
[Black "Menna Barreto, Felipe Kubiaki"]
[Result "0-1"]
[WhiteElo "1612"]
[BlackElo "2280"]
[PlyCount "60"]
[EventDate "2023.08.25"]
[EventType "swiss"]
[EventRounds "5"]
[EventCountry "BRA"]
[SourceTitle "CBM 216 Extra"]
[Source "ChessBase"]
[SourceDate "2023.11.30"]
[SourceVersion "1"]
[SourceVersionDate "2023.11.30"]
[SourceQuality "1"]

1. e4 d6 2. d4 Nf6 3. Nc3 e5 4. Nf3 Nbd7 5. dxe5 dxe5 6. Bc4 Bc5 7. 0-0 0-0 8. Bg5 h6 9. Bh4 c6 10. a4 a5 11. Qe2 Qe7 12. Rad1 Re8 13. Bb3 Nf8 14. h3 Ng6 15. Bxf6 Qxf6 16. Nh2 Nf4 17. Qf3 Qg6 18. Ng4 Nxh3+ 19. gxh3 h5 20. Bxf7+ Qxf7 21. Qxf7+ Kxf7 22. Ne3 Bxh3 23. Rfe1 Be6 24. Rd3 Rad8 25. Red1 Rxd3 26. Rxd3 Bxe3 27. Rxe3 Rd8 28. Rf3+ Kg8 29. Rd3 Rxd3 30. cxd3 Bb3 0-1

[Event "Porto Alegre op"]
[Site "Porto Alegre"]
[Date "2023.05.07"]
[Round "5"]
[White "Menna Barreto, Felipe Kubiaki"]
[Black "Da Silva Borges, Rodrigo"]
[Result "1/2-1/2"]
[WhiteElo "2296"]
[BlackElo "2199"]
[PlyCount "49"]
[EventDate "2023.05.05"]
[EventType "swiss"]
[EventRounds "7"]
[EventCountry "BRA"]
[SourceTitle "CBM 214 Extra"]
[Source "ChessBase"]
[SourceDate "2023.07.31"]
[SourceVersion "1"]
[SourceVersionDate "2023.07.31"]
[SourceQuality "1"]

1. e4 c5 2. Nf3 e6 3. c3 d5 4. e5 Nc6 5. d4 Bd7 6. a3 Rc8 7. b4 cxb4 8. cxb4 f6 9. Bd3 Qb6 10. 0-0 Nxe5 11. Nxe5 Rxc1 12. Qxc1 Qxd4 13. Qc3 Qxe5 14. Re1 Qb8 15. Qc2 Bd6 16. g3 Ne7 17. Nc3 Kf7 18. Qd1 h5 19. Bb5 Bc8 20. Bf1 h4 21. Qf3 hxg3 22. hxg3 a6 23. Rad1 Bd7 24. Bg2 Qc7 25. Qd3 1/2-1/2

[Event "Porto Alegre op"]
[Site "Porto Alegre"]
[Date "2023.05.06"]
[Round "3"]
[White "Menna Barreto, Felipe Kubiaki"]
[Black "Backes, Jorge Henrique Marx"]
[Result "1-0"]
[WhiteElo "2296"]
[BlackElo "1888"]
[PlyCount "73"]
[EventDate "2023.05.05"]
[EventType "swiss"]
[EventRounds "7"]
[EventCountry "BRA"]
[SourceTitle "CBM 214 Extra"]
[Source "ChessBase"]
[SourceDate "2023.07.31"]
[SourceVersion "1"]
[SourceVersionDate "2023.07.31"]
[SourceQuality "1"]

1. d4 f5 2. c4 Nf6 3. g3 g6 4. Bg2 Bg7 5. Nh3 0-0 6. 0-0 d6 7. d5 h6 8. Nc3 e5 9. dxe6 c6 10. e4 Nxe4 11. Nxe4 fxe4 12. Nf4 g5 13. e7 Qxe7 14. Ng6 Qe6 15. Nxf8 Bxf8 16. Qd4 Na6 17. Qxe4 Nc5 18. Qc2 Qf5 19. Qd1 Be6 20. b3 Bg7 21. Be3 Bxa1 22. Qxa1 Re8 23. Qd4 Bf7 24. Qxd6 Ne6 25. Qd7 Rb8 26. Bxa7 Rd8 27. Qxb7 c5 28. Bb6 Rd2 29. Qa8+ Kg7 30. Ba5 Re2 31. Bc3+ Kg6 32. a4 g4 33. Qd5 Qc2 34. Qd1 Nd4 35. Bxd4 cxd4 36. Qxc2+ Rxc2 37. Be4+ 1-0

[Event "Florianopolis op 9th"]
[Site "Florianopolis"]
[Date "2023.01.25"]
[Round "4"]
[White "Menna Barreto, Felipe Kubiaki"]
[Black "Barbosa, Flavio Novais"]
[Result "1-0"]
[WhiteElo "2305"]
[BlackElo "1863"]
[PlyCount "63"]
[EventDate "2023.01.23"]
[EventType "swiss"]
[EventRounds "10"]
[EventCountry "BRA"]
[SourceTitle "CBM 212 Extra"]
[Source "ChessBase"]
[SourceDate "2023.03.31"]
[SourceVersion "1"]
[SourceVersionDate "2023.03.31"]
[SourceQuality "1"]

1. d4 d5 2. Nf3 Nf6 3. c4 c6 4. e3 g6 5. Nc3 Bg7 6. Bd3 0-0 7. 0-0 e6 8. Qe2 b6 9. e4 dxc4 10. Bxc4 Nbd7 11. Bf4 Re8 12. Rfd1 Bb7 13. Rac1 Qe7 14. e5 Nd5 15. Bg5 Nxc3 16. bxc3 Qf8 17. Nd2 h6 18. Bh4 g5 19. Bg3 c5 20. h4 Qe7 21. hxg5 hxg5 22. Ba6 Bd5 23. Nf1 Rad8 24. Ne3 Nb8 25. Bd3 Qb7 26. Qh5 Be4 27. Qxg5 Bxd3 28. Rxd3 Qe4 29. Rcd1 Nc6 30. Ng4 Qg6 31. Bh4 Qxg5 32. Bxg5 1-0